000 00275nam a22001097a 4500
082 _a910
100 _aBarnal ,Mahesh Kumar
_982572
245 _aGeography Of India (The Gist Of NCERT) VI to XII
260 _aDelhi
_bCosmos
_c2024
650 _aGeography
942 _cC. BOOKS
999 _c67160
_d67160